000 00622cam a2200181 i 4500
005 20260204081850.0
008 250721s2003 jo a gr 000 0 ara d
082 1 4 _a398.6
_bح ش ي
100 1 _aحشيمة، سامر
_eمعد.
245 1 2 _aللأذكياء فقط :
_bألغاز وأحاجي /
_cإعداد سامر حشيمة.
250 _aالطبعة الأولى.
264 3 1 _aعمان :
_bدار عالم الثقافة للنشلر والتوزيع،
_c2003.
300 _a80 صفحة.
650 1 7 _aالألغاز.
650 1 7 _aالثقافة.
942 _2ddc
_cBK
999 _c78823
_d78823